Score 0/60 Timer 06:00
0 Plays Today
Clue 4-Letter Word % Correct
A place where money is storedBANK
95.6%
Superman love interest: Lois ----LANE
95.2%
Collective term for a group of wolvesPACK
94.5%
Famous one in New York: Central ----PARK
94.3%
Game: Truth or ----DARE
94.1%
'His ---- is worse than his bite'BARK
93.8%
To strike with your footKICK
93.5%
ChoosePICK
92.4%
★ VILLAIN ENHANCED BY VENOM ★★BANE ★
90.6%
Duchess of Cambridge: ---- MiddletonKATE
89%
9/9/2012 or 1/3/1954, e.g.DATE
88.3%
Winnie the ----POOH
88.2%
The part of your face below the mouthCHIN
87.1%
You might find these machines in a casinoSLOT
86.3%
Brown ice cream flavor (abbr.)CHOC
85.5%
Break up wood with an axeCHOP
85.3%
Founder of Playboy: ---- HefnerHUGH
84.4%
Fabric patterned with open holesLACE
83.6%
Close a doorSHUT
83.4%
Organ that helps in fat digestion: ----bladderGALL
83.1%
★JONATHAN CRANE: SCARE----★CROW ★
82.9%
A thick, viscous mass or lump, as of bloodCLOT
82.6%
The place where you liveHOME
82.4%
One of the Spice Girls: Victoria BeckhamPOSH
82.4%
Capital of ItalyROME
82.4%
Fashionable or stylishCHIC
82.3%
Grind your food with your teethCHEW
82%
To place force against something to move itPUSH
81.9%
A place where female chickens are keptCOOP
81.4%
★HARVEY [rung 60]: TWO ----★FACE ★
81%
Clue 4-Letter Word % Correct
Sound like a horse hoof in actionCLOP
80.7%
To cut off the sides of a pictureCROP
79.3%
Big, enormous, giganticHUGE
78.7%
A part or character played by an actorROLE
78.3%
★FLOYD LAWTON: DEAD----★SHOT ★
78%
Stoned, intoxicatedHIGH
77.7%
Deck that forms the roof of the cabin on a shipPOOP
76.9%
★WAYLON JONES: KILLER ----★CROC ★
76.4%
'Big Brother' host JulieCHEN
75.9%
Food, especially hearty mealsCHOW
75.7%
★THOMAS ELLIOT: ----★HUSH ★
75.7%
Wizard of Oz character: Dorothy ----GALE
74.9%
Rowing, as a sportCREW
74.7%
Form of cabbage with green or purple leavesKALE
74.1%
Grave, serious, criticalDIRE
70.3%
'One ring to ---- them all'RULE
67.9%
France's name in the Roman timesGAUL
67.8%
LOST character: Desmond ----HUME
66.6%
★MAN-BAT: ---- LANGSTROM ★★KIRK ★
65.1%
★HARVEY ----: TWO [rung 1] ★★DENT ★
62.7%
A long thrusting daggerDIRK
60.6%
★RAS / TALIA AL ----★GHUL ★
58.8%
Another name for a synagogueSHUL
53.6%
Ancient alphabetic symbolRUNE
53.5%
★CATWOMAN: SELINA ----★KYLE ★
53.3%
Musical based on La bohème RENT
50.9%
Belgian surrealist artist: ---- MagritteRENÉ
46.6%
★PROFESSOR ---- STRANGE ★★HUGO ★
45.4%
Electronic indie pop group with Nick MoonKYTE
43.7%
Spanish for figHIGO
37.7%

Today's Daily Dose

Missing Word
I Hardly Know Her!

Word Ladder
Sentence Ending

Quick Pick
Female Firsts

Get the Picture
Triathlon Sports

Remove Ads.
Support Sporcle.
Get the best of Sporcle when you Go Orange. This ad-free experience offers more features, more stats, and more fun while also helping to support Sporcle. Thank you for becoming a member.

You're not logged in!

Compare scores with friends on all Sporcle quizzes.
OR
Log In

Show Comments

Extras

Top Quizzes Today


Score Distribution

Your Account Isn't Verified!

In order to create a playlist on Sporcle, you need to verify the email address you used during registration. Go to your Sporcle Settings to finish the process.

Report this User

Report this user for behavior that violates our Community Guidelines.

Details: